000 00730nam a2200217Ia 4500
003 GCL
008 140319s9999 xx 000 0 ara d
040 _aGCL /
_cGCL
082 0 4 _a492.1
_bف م
100 1 _aفيصل عبدالله
245 1 0 _aمقدمة فى علم الاكاديات ودور العرب فيه /
_cفيصل عبدالله
300 _a128 ص
490 _aابجدية المعرفة
_v0
650 0 4 _aحضارة العراق القديمة
650 0 4 _aالعراق القديم - تاريخ
650 0 4 _aاللغة السومرية
650 0 4 _aالكتابة المسمارية
650 0 4 _aاللغات الشرقية
650 0 4 _aحضارة ما بين النهرين
942 _2ddc
_cBK
999 _c48485
_d48485